IFM Opac

Social Security For Unemployed (Record no. 19606)

MARC details
000 -LEADER
fixed length control field 00353nam a22001337a 4500
020 ## - INTERNATIONAL STANDARD BOOK NUMBER
International Standard Book Number 922101519X
082 ## - DEWEY DECIMAL CLASSIFICATION NUMBER
Classification number 368.44SOC
100 ## - MAIN ENTRY--PERSONAL NAME
Personal name Social Security For Unemployed
245 ## - TITLE STATEMENT
Title Social Security For Unemployed
260 ## - PUBLICATION, DISTRIBUTION, ETC.
Place of publication, distribution, etc. Geneva
Name of publisher, distributor, etc. International labour Office
Date of publication, distribution, etc. 1976
300 ## - PHYSICAL DESCRIPTION
Extent viii,70p.
Other physical details ill;24cm
500 ## - GENERAL NOTE
General note includes,Bibliography
942 ## - ADDED ENTRY ELEMENTS (KOHA)
Koha item type Books
Holdings
Withdrawn status Lost status Damaged status Not for loan Home library Current library Shelving location Date acquired Total Checkouts Full call number Date last seen Price effective from Koha item type
        IFM Main Campus Library IFM Main Campus Library Archival Collection 08/13/2018   368.44SOC 08/13/2018 08/13/2018 Books